| 000 | 00709nam a22001337a 4500 | ||
|---|---|---|---|
| 040 | _cRUA | ||
| 082 | _aAGR SOM 2017 B646 Or.1 | ||
| 100 | _aSOEM THU សុឹម ធូ | ||
| 245 | _acomparison of different kinds of manure green onion ( Allium fistulosum L ) in tuek vil commune, S'ang district, kandal province ការប្រៀបធៀបជីលាមកសត្វលើដំណាំខ្ទឹមស្លឺមនៅឃុំ ទឺកវិល ស្រុកស្អាងខេត្តកណ្តាល | ||
| 260 |
_aRUA _bPhnom penh _c2017 |
||
| 300 |
_axi;49p _bill; _c29cm |
||
| 856 | _uhttps://drive.google.com/file/d/1qloEUWptbSa9cpBs7R73l33mN5TP4ED-/view?usp=sharing | ||
| 942 | _cAGR | ||
| 999 |
_c18233 _d18233 |
||